00920nam a2200205 a 4500008004100000020002200041050001700063111006800080245026100148260003700409300004700446504004100493650003900534650003200573650004500605710003700650003000100687005001700688040000900705  a094840499X (pbk.)00aSB950.A2 BRI2 aBrighton Crop Protection Conference--Pests and Diseasesd(1996)10aBrighton Crop Protection Conference--Pests & Diseases - 1996 :bproceedings of an international conference organised by the British Crop Protection Council held at the Brighton Centre and the Brighton Metropole Hotel, Brighton England, 18-21 November 1996. aFarnham :bThe Council ,cc1996. a3 v. xxiv, 1242 p. :bill., maps ;c24 cm. aIncludes bibliographical references. 0aPlants, Protection ofvCongresses. 0aPlant diseasesvCongresses. 0aAgricultural pestsxControlvCongresses.2 aBritish Crop Protection Council.20230123134003.0 cNUST